| 000 | 01218cam a2200445 4500500 | ||
|---|---|---|---|
| 005 | 20260329003447.0 | ||
| 041 | _afre | ||
| 042 | _adc | ||
| 100 | 1 | 0 |
_aFleury, Pauline _eauthor |
| 245 | 0 | 0 | _aMigrations. Une frontière doit être ouverte ou fermée |
| 260 | _c2015. | ||
| 500 | _a74 | ||
| 690 | _aAlain Badiou | ||
| 690 | _aAlain Finkielkraut | ||
| 690 | _aDavid Miller | ||
| 690 | _aÉconomie | ||
| 690 | _aEmmanuelle Auriol | ||
| 690 | _aEtienne Balibar | ||
| 690 | _aÉtienne Tassin | ||
| 690 | _aEurope | ||
| 690 | _aFrançois Héran | ||
| 690 | _aFrontières | ||
| 690 | _aGarett Hardin | ||
| 690 | _aJoseph Carens | ||
| 690 | _aMarc Crépon | ||
| 690 | _aMichael Walzer | ||
| 690 | _aMichel Eltchaninoff | ||
| 690 | _aMichel Onfray | ||
| 690 | _aMigrants | ||
| 690 | _aMonde | ||
| 690 | _aNation | ||
| 690 | _aPeter Singer | ||
| 690 | _aPhil Cole | ||
| 690 | _aPhilippe Nemo | ||
| 690 | _aréfugiés | ||
| 690 | _aRégis Debray | ||
| 690 | _aSperanta Dumitru | ||
| 786 | 0 | _nPhilosophie magazine | 94 | 11 | 2015-11-01 | p. 18-19 | 1951-1787 | |
| 856 | 4 | 1 | _uhttps://shs.cairn.info/magazine-philosophie-magazine-2015-11-page-18?lang=fr&redirect-ssocas=7080 |
| 999 |
_c1824784 _d1824784 |
||